[Event "Hong Kong Jolimark op"]
[Site "Hong Kong"]
[Date "2016.12.27"]
[Round "4"]
[White "Cheong, Tze Wen Jarell"]
[Black "Deng, Yu Dong Michael"]
[Result "0-1"]
[WhiteElo "1560"]
[BlackElo "1760"]
[PlyCount "122"]
[EventDate "2016.12.26"]
[EventType "swiss"]
[EventRounds "9"]
[EventCountry "HKG"]
[SourceTitle "CBM 176 Extra"]
[Source "ChessBase"]
[SourceDate "2017.03.02"]
[SourceVersion "1"]
[SourceVersionDate "2017.03.02"]
[SourceQuality "1"]

1. d4 d5 2. Bf4 Nf6 3. e3 e6 4. Nf3 Bd6 5. Bg3 0-0 6. Bd3 b6 7. Nbd2 Bb7 8. 0-0 Qe7 9. c3 Bxg3 10. hxg3 Nbd7 11. Ne5 c5 12. f4 c4 13. Bc2 b5 14. a3 a5 15. Qf3 Nb6 16. g4 Nfd7 17. Qh3 g6 18. f5 Kg7 19. Rf4 f6 20. fxg6 Rh8 21. Nf7 hxg6 22. Nxh8 Rxh8 23. Qg3 g5 24. Rf3 Rh4 25. Raf1 Bc8 26. Qc7 Kf7 27. Rh3 Rxh3 28. gxh3 Kg7 29. e4 e5 30. dxe5 Qxe5 31. Qxe5 Nxe5 32. Nf3 Ng6 33. exd5 Nf4 34. Kh2 Nbxd5 35. Re1 Kf7 36. Nd4 b4 37. cxb4 axb4 38. axb4 Nxb4 39. Bb1 Bb7 40. Nf5 Bd5 41. Nd6+ Kg7 42. Re7+ Kf8 43. Re8+ Kg7 44. Rc8 Nbd3 45. Nxc4 Bxc4 46. Rxc4 Nxb2 47. Rc7+ Kf8 48. Bc2 Nbd3 49. Bxd3 Nxd3 50. Kg3 Ne5 51. Ra7 Ng6 52. Kf3 Ne7 53. Ke4 Ke8 54. Kd3 Kf7 55. Kc4 Ke6 56. Kc5 f5 57. Kd4 Nc6+ 58. Ke3 f4+ 59. Ke4 Nxa7 60. h4 Kf6 61. h5 Nc8 0-1

[Event "Penang op-B 7th"]
[Site "Penang"]
[Date "2015.12.08"]
[Round "2"]
[White "Gaticales, Martin"]
[Black "Cheong, Tze Wen Jarell"]
[Result "1-0"]
[WhiteElo "1871"]
[BlackElo "1455"]
[PlyCount "66"]
[EventDate "2015.12.07"]
[EventType "swiss"]
[EventRounds "9"]
[EventCountry "MAS"]
[SourceTitle "CBM 170 Extra"]
[Source "ChessBase"]
[SourceDate "2016.02.25"]
[SourceVersion "1"]
[SourceVersionDate "2016.02.25"]
[SourceQuality "1"]

1. e4 e6 2. d4 d5 3. exd5 exd5 4. c4 Nf6 5. Nc3 Bb4 6. a3 Bxc3+ 7. bxc3 0-0 8. Bd3 Re8+ 9. Ne2 Bg4 10. 0-0 dxc4 11. Bxc4 Nd5 12. f3 Be6 13. Bd3 Nb6 14. Qc2 h6 15. c4 c6 16. Bb2 Qg5 17. f4 Qg4 18. Rae1 Na6 19. Rf3 Qh4 20. Rg3 Bg4 21. Qc3 Na4 22. Qc2 Nxb2 23. Qxb2 Bxe2 24. Rxe2 Rxe2 25. Qxe2 Qxf4 26. Rg4 Qc1+ 27. Kf2 Qxa3 28. Qe4 f5 29. Qe6+ Kh8 30. Qg6 Qf8 31. Bxf5 Kg8 32. Kg1 Rb8 33. Qxh6 b6 1-0

[Event "Penang op-B 5th"]
[Site "Penang"]
[Date "2013.12.10"]
[Round "2"]
[White "Mohd Radzuan, Muhd Harith Farhan"]
[Black "Cheong, Tze Wen Jarell"]
[Result "1-0"]
[WhiteElo "1633"]
[BlackElo "1320"]
[PlyCount "65"]
[EventDate "2013.12.09"]
[EventType "swiss"]
[EventRounds "9"]
[EventCountry "MAS"]
[SourceTitle "CBM 158 Extra"]
[Source "ChessBase"]
[SourceDate "2014.02.28"]
[SourceVersion "1"]
[SourceVersionDate "2014.02.28"]
[SourceQuality "1"]

1. e4 d5 2. exd5 Qxd5 3. Nc3 Qa5 4. Nf3 Nf6 5. Bc4 Bf5 6. d4 c6 7. 0-0 e6 8. Bf4 Nbd7 9. Re1 Be7 10. Ne2 0-0 11. Ng3 Bg6 12. c3 Nb6 13. Bb3 Nbd5 14. Bg5 Qc7 15. Ne5 Ne8 16. Nxg6 hxg6 17. Bxe7 Qxe7 18. Qf3 Qf6 19. Qe2 Nd6 20. Ne4 Nxe4 21. Qxe4 Rfe8 22. Rad1 Qg5 23. Rd3 Rac8 24. g3 Red8 25. f4 Qe7 26. g4 Qh4 27. Rg3 Kf8 28. Rf1 Ne7 29. Qg2 Qf6 30. Bc2 b6 31. g5 Qf5 32. Bxf5 Nxf5 33. Rh3 1-0